000 00445nam a2200169 i 4500
001 bg
100 1 _aBARAŃSKI, Kazimierz
245 0 _aGimnastyka :
_bporadnik ... /
_cKazimierz Barański, Andrzej Mazur, Krystyna Winnicka.
260 _aWarszawa,
_c1969.
700 1 _aMAZUR, Andrzej
700 1 _aWINNICKA, Krystyna
040 _cBPK
041 _apol
080 _a796.4:371.3
942 _cKS
008 s pl f |000 0 pol
999 _c7413
_d7413
856 _uhttp://koha.tu.koszalin.pl/cgi-bin/koha/opac-detail.pl?biblionumber=7413
_yKatalog online BPK